000 00666nam a2200241Ia 4500
003 OSt
005 20221005060159.0
006 a|||||r|||| 00| 0
007 ta
008 221004b |||||||| |||| 00| 0 eng d
024 _a77029
037 _cTextual
040 _aCRL
_cCRL
_beng
041 _2eng
_aeng
082 _aO142,3N05,D, 111H0.1
100 _aSholokhov Mikhail
245 0 _aDon flows home to the sea
260 _aLondon
_bReaders Union Limited Great Britain
_c1940
300 _a394p.
_ccm.
650 _aRUSSIAN LITERATURE
942 _hO142,3N05,D, 111H0.1
_cTEXL
_2cc
999 _c966288
_d966288